000
00313nam a22001337a 4500
003
OSt
008
240127b |||||||| |||| 00| 0 eng d
022
_a
9789354353017
100
_a
DEEPAK,J Sai
245
_a
India,Bharat and Pakistan
260
_a
New Delhi
_b
Bloomsbury
_c
2022
300
_a
616
942
_2
ddc
_c
BK
999
_c
12197
_d
12197